LEADER 01497nam 2200397 450 001 000016675 005 20050718115600.0 100 $a20030919d--------km-y0itay0103----ba 101 0 $aita 102 $aIT 200 1 $a<> geometria dei parallelogrammi$fLuigi Campedelli 210 $a2. ed. 215 $a205 p.$cill.$d25 cm. 225 2 $a<> matematica nella cultura e nella scuola$v2 410 0$12001$a<> matematica nella cultura e nella scuola 606 $aGeometria$xInsegnamento 676 $a516.22$v(21. ed.)$9Geometria euclidea. Geometria piana 691 $a51N10$9Analytic and descriptive geometry. Affine analytic geometry 691 $a51N25$9Analytic and descriptive geometry. Analytic geometry with other transformation groups 691 $a97-xx$9Mathematics education 700 1$aCampedelli,$bLuigi$04360 801 0$aIT$bUniversità della Basilicata - B.I.A.$gRICA$2unimarc 912 $a000016675 996 $aGeometria dei parallelogrammi$981609 997 $aUNIBAS BAS $aMONSCI BAS $aSCIENZE CAT $aEXT003$b01$c20030919$lBAS01$h1734 CAT $aEXT003$b01$c20030919$lBAS01$h1736 CAT $c20050601$lBAS01$h1755 CAT $abatch$b01$c20050718$lBAS01$h1053 CAT $c20050718$lBAS01$h1112 CAT $c20050718$lBAS01$h1142 CAT $c20050718$lBAS01$h1156 FMT Z30 -1$lBAS01$LBAS01$mBOOK$1BASA2$APolo Tecnico-Scientifico$2GEN$BCollezione generale$3MAT$6664$5S664$820030919$f51$FRiservati LEADER 01384nam2-2200397li-450 001 990000224720203316 005 20180312154910.0 010 $a0-8247-6499-4 035 $a0022472 035 $aUSA010022472 035 $a(ALEPH)000022472USA01 035 $a0022472 100 $a20001109d1977----km-y0itay0103----ba 101 0 $aeng 102 $aUS 200 1 $aMeasure and integral$ean introduction to real analysis$fRichard L. Wheeden, Antoni Zygmund 210 $aNew York ; Basel$cMarcel Dekker$dcopyr. 1977 215 $aX, 274 p.$cill.$d23 cm 225 2 $aMonographs and textbooks in pure and applied mathematics$v43 410 0$10010022470$12001$aMonographs and textbooks in pure and applied mathematics$fEarl J. Taft, Edwin Hewitt$gchairman of editorial board S. Kobayashi 610 1 $aintegrali 610 1 $ateoria della misura 676 $a51542$9Teoria della misura e della integrazione 700 1$aWheeden,$bRichard L.$055186 702 1$aZygmund,$bAntoni 801 $aSistema bibliotecario di Ateneo dell' Università di Salerno$gRICA 912 $a990000224720203316 951 $a515 PAMD (43)$b0012529 959 $aBK 969 $aSCI 979 $c19901120 979 $c20001110$lUSA01$h1714 979 $c20020403$lUSA01$h1630 979 $aPATRY$b90$c20040406$lUSA01$h1616 996 $aMeasure and Integral$9346296 997 $aUNISA